Le top 10 du classement de la Premier League au 21eme siècle. - Statistiques

Statistiques générales
  • Ce quiz a été pris 389 fois
  • Le résultat moyen est 9 sur 10
Statistiques - réponses
Points Clubs % Correct
1532 Manchester City
100%
1773 Manchester United
100%
1709 Chelsea FC
99%
1658 Liverpool FC
99%
1690 Arsenal
98%
1430 Tottenham Hotspur
92%
946 Aston Villa
82%
936 West Ham United
78%
1047 Newcastle United
74%
1227 Everton FC
72%
Aucun quiz correspondant
Distribution des résultats
% des personnes avec chaque résultat
Percentile par nombre de réponses
Votre historique - résultats
Vous n’avez pas pris ce quiz